01013nam a22002297a 4500003000400000005001700004008004100021020001800062040002900080050002700109100010500136245002800241250002200269260004500291300001900336650002500355650003800380942001500418952016200433952017100595999001700766OSt20250721125755.0250721b |||||||| |||| 00| 0 eng d a9781119496373 cChuka University Library aHF 5635b.I58 2019 V.1 aKieso, Donald E., Jerry J. Weygandt, Terry D. Warfield, Irene M. Wiecek and Bruce J. McConomy920034 aIntermediate Accounting a12th Canadian ed. aToronto, CanadabJohn Wiley & Sonsc2019 aVarious paging a1. Accounting920010 a2. Intermediate Accounting920035 2lcccBKn0 00102lcc40708LGLaCHKbCHKcGENd2025-07-21eDonation from Books for Africal0oHF 5635 .I58 2019 V.1p26578/2025r2025-07-21 13:00:09t1w2025-07-21yBK 00102lcc40708LGLaCHKbCHKcGENd2026-05-20eDonation from Books for Africag2580.00l0oHF 5635 .I58 2019 V.1p32013/2026r2026-05-20 16:40:27t2w2026-05-20yBK c19695d19695